[Event "Masters Tournament (MTO)"]
[Site "Biel, CH"]
[Date "2025.07.16"]
[Round "3"]
[White "Malli, Shiivesh Sunil"]
[Black "Panda, Barnabas"]
[Result "1/2-1/2"]
[Board "41"]
[WhiteFideId "1340409"]
[BlackFideId "799556"]
[WhiteElo "1969"]
[BlackElo "2123"]
[WhiteTeam "SUI"]
[BlackTeam "HUN"]
[WhiteClock "0:26:10"]
[BlackClock "0:05:09"]
[Variant "Standard"]

1. c4 {[%clk 1:40:57]}  e6 {[%clk 1:40:46]} 2. Nc3 {[%clk 1:41:23]}  d5 {[%clk 1:41:07]} 3. cxd5 {[%clk 1:41:48]}  exd5 {[%clk 1:41:29]} 4. d4 {[%clk 1:42:05]}  Be7 {[%clk 1:41:51]} 5. Nf3 {[%clk 1:42:28]}  Nf6 {[%clk 1:42:05]} 6. Bf4 {[%clk 1:42:25]}  c6 {[%clk 1:42:25]} 7. e3 {[%clk 1:42:48]}  Bf5 {[%clk 1:42:35]} 8. Bd3 {[%clk 1:42:15]}  Bxd3 {[%clk 1:42:56]} 9. Qxd3 {[%clk 1:42:38]}  O-O {[%clk 1:38:42]} 10. O-O {[%clk 1:39:26]}  Nbd7 {[%clk 1:38:57]} 11. h3 {[%clk 1:36:14]}  Re8 {[%clk 1:23:03]} 12. Nd2 {[%clk 1:23:56]}  Bf8 {[%clk 1:11:26]} 13. Qc2 {[%clk 1:08:38]}  Re6 {[%clk 0:54:55]} 14. Qb3 {[%clk 1:06:11]}  Nb6 {[%clk 0:44:21]} 15. Na4 {[%clk 0:58:25]}  Nxa4 {[%clk 0:51:52]} 16. Qxa4 {[%clk 0:58:43]}  Ne4 {[%clk 0:45:27]} 17. Nxe4 {[%clk 0:56:54]}  dxe4 {[%clk 0:44:15]} 18. Qb3 {[%clk 0:53:28]}  Qd7 {[%clk 0:42:56]} 19. Rad1 {[%clk 0:52:32]}  Rg6 {[%clk 0:41:52]} 20. Kh1 {[%clk 0:49:29]}  Bd6 {[%clk 0:41:52]} 21. Bxd6 {[%clk 0:49:21]}  Rxd6 {[%clk 0:42:13]} 22. Rc1 {[%clk 0:45:17]}  Rd5 {[%clk 0:38:28]} 23. Rc5 {[%clk 0:38:50]}  Rxc5 {[%clk 0:33:55]} 24. dxc5 {[%clk 0:43:28]}  Rd8 {[%clk 0:34:10]} 25. Kg1 {[%clk 0:43:12]}  h5 {[%clk 0:26:16]} 26. Qa4 {[%clk 0:37:15]}  Qd3 {[%clk 0:17:26]} 27. Qxa7 {[%clk 0:33:41]}  Qb5 {[%clk 0:11:05]} 28. b3 {[%clk 0:30:26]}  Kh7 {[%clk 0:05:09]} 29. Qa4 {[%clk 0:26:10]} 1/2-1/2

[Event "Masters Tournament (MTO)"]
[Site "Biel, CH"]
[Date "2025.07.16"]
[Round "3"]
[White "Maria, Lia-Alexandra"]
[Black "Jordan, Christina"]
[Result "1/2-1/2"]
[Board "42"]
[WhiteFideId "1248952"]
[BlackFideId "1347977"]
[WhiteTitle "WFM"]
[WhiteElo "2120"]
[BlackElo "1943"]
[WhiteTeam "ROU"]
[BlackTeam "SUI"]
[WhiteClock "0:41:33"]
[BlackClock "0:20:57"]
[Variant "Standard"]

1. e4 {[%clk 1:40:38]}  c5 {[%clk 1:40:50]} 2. Nf3 {[%clk 1:41:04]}  d6 {[%clk 1:41:13]} 3. d4 {[%clk 1:41:23]}  cxd4 {[%clk 1:41:38]} 4. Nxd4 {[%clk 1:41:48]}  Nf6 {[%clk 1:42:02]} 5. Nc3 {[%clk 1:42:02]}  a6 {[%clk 1:42:27]} 6. Be3 {[%clk 1:42:27]}  e5 {[%clk 1:42:50]} 7. Nb3 {[%clk 1:42:51]}  Be6 {[%clk 1:43:06]} 8. f3 {[%clk 1:43:05]}  h5 {[%clk 1:43:20]} 9. Qd2 {[%clk 1:43:23]}  Nbd7 {[%clk 1:43:42]} 10. Nd5 {[%clk 1:43:37]}  Bxd5 {[%clk 1:43:58]} 11. exd5 {[%clk 1:44:03]}  g6 {[%clk 1:44:12]} 12. Be2 {[%clk 1:44:19]}  Bg7 {[%clk 1:44:18]} 13. O-O {[%clk 1:43:46]}  b6 {[%clk 1:44:15]} 14. a4 {[%clk 1:40:42]}  a5 {[%clk 1:40:26]} 15. c4 {[%clk 1:31:39]}  Nc5 {[%clk 1:34:27]} 16. Nc1 {[%clk 1:31:00]}  Qd7 {[%clk 1:25:04]} 17. Bd1 {[%clk 1:28:33]}  O-O {[%clk 1:23:32]} 18. Ra2 {[%clk 1:25:37]}  Qc7 {[%clk 1:19:21]} 19. Nd3 {[%clk 1:22:47]}  Rfc8 {[%clk 1:14:58]} 20. b3 {[%clk 1:20:30]}  Nfd7 {[%clk 1:13:38]} 21. g4 {[%clk 1:20:25]}  hxg4 {[%clk 1:05:39]} 22. fxg4 {[%clk 1:19:57]}  Nxd3 {[%clk 1:05:58]} 23. Qxd3 {[%clk 1:20:19]}  Nc5 {[%clk 1:06:01]} 24. Qb1 {[%clk 1:19:34]}  Qe7 {[%clk 0:57:13]} 25. Raf2 {[%clk 1:18:55]}  Rf8 {[%clk 0:55:39]} 26. g5 {[%clk 1:17:09]}  e4 {[%clk 0:50:07]} 27. Bg4 {[%clk 1:07:12]}  Nd3 {[%clk 0:41:32]} 28. Rf6 {[%clk 0:59:13]}  Bxf6 {[%clk 0:34:16]} 29. gxf6 {[%clk 0:57:12]}  Qe5 {[%clk 0:33:46]} 30. Qd1 {[%clk 0:54:49]}  Rfb8 {[%clk 0:32:40]} 31. Qe2 {[%clk 0:52:32]}  Kf8 {[%clk 0:27:58]} 32. Bd7 {[%clk 0:50:51]}  Ra7 {[%clk 0:25:24]} 33. Rf5 {[%clk 0:40:30]}  Qa1+ {[%clk 0:20:43]} 34. Rf1 {[%clk 0:40:45]}  Qe5 {[%clk 0:20:37]} 35. Rf5 {[%clk 0:41:09]}  Qa1+ {[%clk 0:20:57]} 36. Rf1 {[%clk 0:41:33]} 1/2-1/2

[Event "Masters Tournament (MTO)"]
[Site "Biel, CH"]
[Date "2025.07.16"]
[Round "3"]
[White "Heyl, Thomas"]
[Black "Misiano, Franco"]
[Result "1/2-1/2"]
[Board "43"]
[WhiteFideId "4623371"]
[BlackFideId "804746"]
[BlackTitle "FM"]
[WhiteElo "1938"]
[BlackElo "2108"]
[WhiteTeam "GER"]
[BlackTeam "ITA"]
[WhiteClock "1:07:55"]
[BlackClock "1:08:21"]
[Variant "Standard"]

1. c4 {[%clk 1:40:50]}  e5 {[%clk 1:40:54]} 2. Nc3 {[%clk 1:41:15]}  Nc6 {[%clk 1:41:15]} 3. Nf3 {[%clk 1:41:37]}  Nf6 {[%clk 1:41:30]} 4. e3 {[%clk 1:41:55]}  Bb4 {[%clk 1:41:39]} 5. Qc2 {[%clk 1:42:16]}  Bxc3 {[%clk 1:41:44]} 6. bxc3 {[%clk 1:42:41]}  d6 {[%clk 1:41:34]} 7. e4 {[%clk 1:41:38]}  O-O {[%clk 1:41:38]} 8. Be2 {[%clk 1:41:46]}  Re8 {[%clk 1:38:24]} 9. d3 {[%clk 1:41:47]}  h6 {[%clk 1:38:01]} 10. Rb1 {[%clk 1:41:35]}  b6 {[%clk 1:37:54]} 11. O-O {[%clk 1:41:09]}  Bd7 {[%clk 1:32:59]} 12. h3 {[%clk 1:34:01]}  Qe7 {[%clk 1:28:42]} 13. Nh2 {[%clk 1:30:35]}  g5 {[%clk 1:14:50]} 14. Qd1 {[%clk 1:25:21]}  Kg7 {[%clk 1:13:55]} 15. Ng4 {[%clk 1:24:00]}  Bxg4 {[%clk 1:12:25]} 16. Bxg4 {[%clk 1:24:14]}  Nxg4 {[%clk 1:12:32]} 17. Qxg4 {[%clk 1:24:05]}  Qe6 {[%clk 1:12:41]} 18. Qxe6 {[%clk 1:21:11]}  Rxe6 {[%clk 1:09:28]} 19. g4 {[%clk 1:21:28]}  f6 {[%clk 1:09:08]} 20. Be3 {[%clk 1:20:18]}  Ree8 {[%clk 1:08:00]} 21. Kg2 {[%clk 1:18:28]}  Na5 {[%clk 1:07:36]} 22. h4 {[%clk 1:17:07]}  Kg6 {[%clk 1:07:13]} 23. hxg5 {[%clk 1:17:12]}  hxg5 {[%clk 1:07:26]} 24. Rh1 {[%clk 1:17:20]}  Rh8 {[%clk 1:07:38]} 25. Rxh8 {[%clk 1:07:07]}  Rxh8 {[%clk 1:07:46]} 26. Rh1 {[%clk 1:07:29]}  Rxh1 {[%clk 1:08:10]} 27. Kxh1 {[%clk 1:07:55]}  Kf7 {[%clk 1:08:21]} 1/2-1/2

[Event "Masters Tournament (MTO)"]
[Site "Biel, CH"]
[Date "2025.07.16"]
[Round "3"]
[White "Kumbharathi, Vedansh"]
[Black "Yang, Ray"]
[Result "*"]
[Board "44"]
[WhiteFideId "30998395"]
[BlackFideId "3220281"]
[BlackTitle "FM"]
[WhiteElo "1931"]
[BlackElo "2081"]
[WhiteTeam "USA"]
[BlackTeam "AUS"]
[WhiteClock "0:11:42"]
[BlackClock "0:17:28"]
[Variant "Standard"]

1. e4 {[%clk 1:40:58]}  e6 {[%clk 1:40:01]} 2. d4 {[%clk 1:40:39]}  d5 {[%clk 1:39:23]} 3. exd5 {[%clk 1:40:28]}  exd5 {[%clk 1:39:19]} 4. Nf3 {[%clk 1:40:52]}  Bd6 {[%clk 1:41:02]} 5. Bd3 {[%clk 1:40:18]}  Nc6 {[%clk 1:39:59]} 6. c3 {[%clk 1:40:04]}  Nge7 {[%clk 1:38:57]} 7. h3 {[%clk 1:39:54]}  Bf5 {[%clk 1:38:00]} 8. O-O {[%clk 1:38:42]}  Qd7 {[%clk 1:37:23]} 9. Bxf5 {[%clk 1:38:55]}  Qxf5 {[%clk 1:35:36]} 10. Re1 {[%clk 1:36:46]}  f6 {[%clk 1:33:16]} 11. Nh4 {[%clk 1:35:22]}  Qd7 {[%clk 1:38:24]} 12. Qh5+ {[%clk 1:36:07]}  Kd8 {[%clk 1:32:52]} 13. b4 {[%clk 1:35:56]}  g5 {[%clk 1:35:39]} 14. Nf3 {[%clk 1:33:43]}  Ng6 {[%clk 1:28:28]} 15. Nbd2 {[%clk 1:28:25]}  Nf4 {[%clk 1:31:13]} 16. Qh6 {[%clk 1:25:09]}  Qf7 {[%clk 1:29:05]} 17. Nf1 {[%clk 1:24:07]}  Nd3 {[%clk 1:24:30]} 18. Nxg5 {[%clk 1:14:00]}  fxg5 {[%clk 1:24:01]} 19. Bxg5+ {[%clk 1:10:03]}  Kd7 {[%clk 1:18:45]} 20. Re3 {[%clk 1:09:21]}  Qxf2+ {[%clk 1:16:28]} 21. Kh1 {[%clk 1:08:57]}  Nf4 {[%clk 1:05:31]} 22. Qg7+ {[%clk 1:08:40]}  Ne7 {[%clk 0:54:25]} 23. Rxe7+ {[%clk 1:07:37]}  Bxe7 {[%clk 1:26:09]} 24. Qxe7+ {[%clk 0:48:46]}  Kc8 {[%clk 1:26:27]} 25. Ne3 {[%clk 0:45:39]}  Ng6 {[%clk 1:25:35]} 26. Qe6+ {[%clk 0:47:42]}  Kb8 {[%clk 1:15:23]} 27. Rf1 {[%clk 0:38:28]}  Qg3 {[%clk 1:15:16]} 28. Qxd5 {[%clk 0:33:59]}  a5 {[%clk 1:12:08]} 29. b5 {[%clk 0:28:33]}  Ka7 {[%clk 1:10:18]} 30. Qc5+ {[%clk 0:25:37]}  b6 {[%clk 1:09:41]} 31. Qc6 {[%clk 0:24:27]}  Rac8 {[%clk 1:04:23]} 32. Rf7 {[%clk 0:26:26]}  Rhf8 {[%clk 0:58:02]} 33. Rxh7 {[%clk 0:21:33]}  Rfe8 {[%clk 0:57:13]} 34. Bh6 {[%clk 0:10:30]}  Ne7 {[%clk 0:53:43]} 35. Qc4 {[%clk 0:08:10]}  Nf5 {[%clk 0:51:03]} 36. Nf1 {[%clk 0:02:24]}  Re1 {[%clk 0:50:07]} 37. Bd2 {[%clk 0:11:42]}  Ra1 {[%clk 0:17:28]} *

[Event "Masters Tournament (MTO)"]
[Site "Biel, CH"]
[Date "2025.07.16"]
[Round "3"]
[White "Hottinger, Simon"]
[Black "Paul, Mathias"]
[Result "*"]
[Board "45"]
[WhiteFideId "1350552"]
[BlackFideId "24694606"]
[WhiteElo "1913"]
[BlackElo "2051"]
[WhiteTeam "SUI"]
[BlackTeam "GER"]
[WhiteClock "0:18:57"]
[BlackClock "0:03:15"]
[Variant "Standard"]

1. e4 {[%clk 1:40:57]}  c5 {[%clk 1:40:53]} 2. Nf3 {[%clk 1:41:18]}  e6 {[%clk 1:41:15]} 3. d4 {[%clk 1:41:37]}  cxd4 {[%clk 1:41:33]} 4. Nxd4 {[%clk 1:41:59]}  Nf6 {[%clk 1:41:53]} 5. Nc3 {[%clk 1:41:48]}  Nc6 {[%clk 1:42:08]} 6. Ndb5 {[%clk 1:42:05]}  Bc5 {[%clk 1:41:20]} 7. Bf4 {[%clk 1:41:34]}  O-O {[%clk 1:40:31]} 8. Bc7 {[%clk 1:41:54]}  Qe7 {[%clk 1:40:33]} 9. Bd6 {[%clk 1:42:17]}  Bxd6 {[%clk 1:40:51]} 10. Qxd6 {[%clk 1:42:42]}  Qd8 {[%clk 1:40:09]} 11. Be2 {[%clk 1:29:28]}  a6 {[%clk 1:35:32]} 12. Nc7 {[%clk 1:24:12]}  Ra7 {[%clk 1:26:24]} 13. e5 {[%clk 1:21:57]}  Ne8 {[%clk 1:06:24]} 14. Nxe8 {[%clk 1:21:44]}  Rxe8 {[%clk 1:06:43]} 15. f4 {[%clk 1:09:18]}  Qb6 {[%clk 0:51:06]} 16. O-O-O {[%clk 1:08:24]}  Qe3+ {[%clk 0:50:58]} 17. Qd2 {[%clk 1:08:53]}  Qxd2+ {[%clk 0:42:42]} 18. Rxd2 {[%clk 1:06:09]}  f6 {[%clk 0:43:04]} 19. Bf3 {[%clk 0:55:38]}  Ne7 {[%clk 0:30:04]} 20. Ne4 {[%clk 0:52:17]}  Rf8 {[%clk 0:28:38]} 21. Nd6 {[%clk 0:47:59]}  b5 {[%clk 0:23:35]} 22. Be4 {[%clk 0:46:03]}  Rc7 {[%clk 0:19:56]} 23. exf6 {[%clk 0:41:45]}  gxf6 {[%clk 0:17:22]} 24. Rhd1 {[%clk 0:31:56]}  f5 {[%clk 0:14:40]} 25. Bf3 {[%clk 0:31:03]}  Rd8 {[%clk 0:12:50]} 26. h3 {[%clk 0:18:57]}  Ng6 {[%clk 0:03:15]} *

[Event "Masters Tournament (MTO)"]
[Site "Biel, CH"]
[Date "2025.07.16"]
[Round "3"]
[White "Stevens, Christian"]
[Black "Faraone, Ettore"]
[Result "*"]
[Board "46"]
[WhiteFideId "649090"]
[BlackFideId "1311484"]
[WhiteElo "2050"]
[BlackElo "1979"]
[WhiteTeam "FRA"]
[BlackTeam "SUI"]
[WhiteClock "0:11:58"]
[BlackClock "0:16:00"]
[Variant "Standard"]

1. e4 {[%clk 1:40:40]}  c5 {[%clk 1:40:44]} 2. Nc3 {[%clk 1:41:03]}  a6 {[%clk 1:41:10]} 3. g3 {[%clk 1:41:26]}  Nc6 {[%clk 1:39:56]} 4. Bg2 {[%clk 1:41:49]}  d6 {[%clk 1:40:01]} 5. d3 {[%clk 1:42:11]}  g6 {[%clk 1:39:27]} 6. Be3 {[%clk 1:41:29]}  Bg7 {[%clk 1:39:46]} 7. Qd2 {[%clk 1:39:19]}  Nf6 {[%clk 1:39:01]} 8. h3 {[%clk 1:39:31]}  h5 {[%clk 1:37:22]} 9. f4 {[%clk 1:37:24]}  Bd7 {[%clk 1:35:34]} 10. Nf3 {[%clk 1:34:55]}  b5 {[%clk 1:35:05]} 11. Nd1 {[%clk 1:24:54]}  c4 {[%clk 1:29:52]} 12. O-O {[%clk 1:22:48]}  Qc8 {[%clk 1:29:03]} 13. Nf2 {[%clk 1:22:49]}  d5 {[%clk 1:16:29]} 14. e5 {[%clk 1:19:24]}  Ng8 {[%clk 1:16:28]} 15. dxc4 {[%clk 1:17:17]}  dxc4 {[%clk 1:12:22]} 16. Ng5 {[%clk 1:08:04]}  Nh6 {[%clk 1:10:51]} 17. Rad1 {[%clk 1:04:42]}  Nf5 {[%clk 1:08:48]} 18. Nfe4 {[%clk 1:02:32]}  O-O {[%clk 1:00:21]} 19. Bf2 {[%clk 0:54:47]}  Rd8 {[%clk 0:57:42]} 20. Bb6 {[%clk 0:53:30]}  Qb7 {[%clk 0:49:57]} 21. Bxd8 {[%clk 0:53:06]}  Rxd8 {[%clk 0:49:49]} 22. Qf2 {[%clk 0:51:50]}  Qc7 {[%clk 0:47:08]} 23. Rd2 {[%clk 0:42:05]}  Rf8 {[%clk 0:36:52]} 24. Rfd1 {[%clk 0:40:07]}  Be8 {[%clk 0:35:45]} 25. Nc5 {[%clk 0:36:15]}  Ncd4 {[%clk 0:29:24]} 26. Nge4 {[%clk 0:34:23]}  Ne6 {[%clk 0:23:53]} 27. Nxe6 {[%clk 0:32:50]}  fxe6 {[%clk 0:24:12]} 28. Ng5 {[%clk 0:32:29]}  Bf7 {[%clk 0:24:03]} 29. c3 {[%clk 0:30:40]}  Bh6 {[%clk 0:23:17]} 30. h4 {[%clk 0:30:34]}  Bxg5 {[%clk 0:22:18]} 31. hxg5 {[%clk 0:30:50]}  Rc8 {[%clk 0:21:39]} 32. Rd7 {[%clk 0:29:54]}  Qa5 {[%clk 0:20:54]} 33. a3 {[%clk 0:28:41]}  Be8 {[%clk 0:19:55]} 34. R7d2 {[%clk 0:26:59]}  Qc7 {[%clk 0:19:31]} 35. Kh2 {[%clk 0:24:03]}  Kf7 {[%clk 0:18:58]} 36. Qg1 {[%clk 0:11:58]}  Bc6 {[%clk 0:16:00]} *

[Event "Masters Tournament (MTO)"]
[Site "Biel, CH"]
[Date "2025.07.16"]
[Round "3"]
[White "von Burg, Carl Alexander"]
[Black "Jakob, Simon"]
[Result "*"]
[Board "47"]
[WhiteFideId "1352458"]
[BlackFideId "1301110"]
[WhiteElo "1878"]
[BlackElo "2157"]
[WhiteTeam "SUI"]
[BlackTeam "SUI"]
[WhiteClock "0:16:35"]
[BlackClock "0:15:29"]
[Variant "Standard"]

1. e4 {[%clk 1:40:49]}  c5 {[%clk 1:40:41]} 2. Nf3 {[%clk 1:41:13]}  Nc6 {[%clk 1:40:54]} 3. d4 {[%clk 1:41:37]}  cxd4 {[%clk 1:41:15]} 4. Nxd4 {[%clk 1:42:00]}  Nf6 {[%clk 1:41:30]} 5. Nc3 {[%clk 1:42:17]}  e5 {[%clk 1:41:45]} 6. Ndb5 {[%clk 1:42:32]}  d6 {[%clk 1:41:38]} 7. Bg5 {[%clk 1:42:18]}  a6 {[%clk 1:41:46]} 8. Na3 {[%clk 1:42:38]}  b5 {[%clk 1:42:04]} 9. Nd5 {[%clk 1:42:43]}  Be7 {[%clk 1:42:22]} 10. Bxf6 {[%clk 1:42:30]}  Bxf6 {[%clk 1:42:36]} 11. c3 {[%clk 1:42:50]}  Rb8 {[%clk 1:41:38]} 12. Nc2 {[%clk 1:40:54]}  Bg5 {[%clk 1:41:35]} 13. g3 {[%clk 1:41:12]}  O-O {[%clk 1:39:46]} 14. h4 {[%clk 1:41:23]}  Bh6 {[%clk 1:39:34]} 15. Bh3 {[%clk 1:41:33]}  Be6 {[%clk 1:36:02]} 16. Qd3 {[%clk 1:40:16]}  Qd7 {[%clk 1:22:40]} 17. Bf5 {[%clk 1:38:31]}  Kh8 {[%clk 1:14:46]} 18. g4 {[%clk 1:24:41]}  g6 {[%clk 0:57:46]} 19. Nf6 {[%clk 1:00:00]}  Qe7 {[%clk 0:54:11]} 20. g5 {[%clk 0:58:50]}  gxf5 {[%clk 0:51:10]} 21. exf5 {[%clk 0:58:47]}  Bc4 {[%clk 0:37:31]} 22. Qf3 {[%clk 0:58:04]}  e4 {[%clk 0:36:12]} 23. Qh5 {[%clk 0:56:51]}  Rg8 {[%clk 0:28:37]} 24. Nxg8 {[%clk 0:52:29]}  Rxg8 {[%clk 0:28:45]} 25. Qxh6 {[%clk 0:52:38]}  Ne5 {[%clk 0:27:52]} 26. O-O-O {[%clk 0:40:54]}  Nd3+ {[%clk 0:19:13]} 27. Rxd3 {[%clk 0:37:07]}  Bxd3 {[%clk 0:18:10]} 28. Ne3 {[%clk 0:36:13]}  Qe5 {[%clk 0:17:54]} 29. h5 {[%clk 0:31:58]}  Rc8 {[%clk 0:15:54]} 30. f6 {[%clk 0:24:10]}  Rxc3+ {[%clk 0:15:29]} 31. Kd2 {[%clk 0:18:22]}  Rc2+ {[%clk 0:15:14]} 32. Nxc2 {[%clk 0:18:28]}  Qf4+ {[%clk 0:15:29]} 33. Kc3 {[%clk 0:16:35]} *

[Event "Masters Tournament (MTO)"]
[Site "Biel, CH"]
[Date "2025.07.16"]
[Round "3"]
[White "Hank, Holger"]
[Black "Lilliehook, Victor"]
[Result "0-1"]
[Board "48"]
[WhiteFideId "4648242"]
[BlackFideId "1752103"]
[WhiteElo "1947"]
[BlackElo "2074"]
[WhiteTeam "GER"]
[BlackTeam "SWE"]
[WhiteClock "0:18:45"]
[BlackClock "0:27:59"]
[Variant "Standard"]

1. Nf3 {[%clk 1:40:22]}  Nf6 {[%clk 1:40:47]} 2. c4 {[%clk 1:40:14]}  e6 {[%clk 1:41:12]} 3. g3 {[%clk 1:40:22]}  d5 {[%clk 1:41:14]} 4. Bg2 {[%clk 1:40:38]}  d4 {[%clk 1:41:39]} 5. O-O {[%clk 1:40:41]}  c5 {[%clk 1:41:55]} 6. e3 {[%clk 1:40:51]}  Nc6 {[%clk 1:42:20]} 7. exd4 {[%clk 1:40:20]}  cxd4 {[%clk 1:42:43]} 8. d3 {[%clk 1:40:38]}  h6 {[%clk 1:43:07]} 9. Re1 {[%clk 1:39:04]}  Bd6 {[%clk 1:43:29]} 10. Na3 {[%clk 1:38:54]}  O-O {[%clk 1:43:41]} 11. Nc2 {[%clk 1:32:40]}  a5 {[%clk 1:44:03]} 12. a3 {[%clk 1:23:46]}  e5 {[%clk 1:44:22]} 13. Bd2 {[%clk 1:21:41]}  Bf5 {[%clk 1:43:13]} 14. b4 {[%clk 1:16:43]}  Bxd3 {[%clk 1:32:42]} 15. b5 {[%clk 1:09:07]}  Ne7 {[%clk 1:27:10]} 16. Nxe5 {[%clk 1:06:36]}  Bxe5 {[%clk 1:27:01]} 17. Rxe5 {[%clk 1:06:31]}  Ng6 {[%clk 1:19:11]} 18. Re1 {[%clk 0:53:00]}  Bxc4 {[%clk 1:16:05]} 19. Rb1 {[%clk 0:47:51]}  Bd5 {[%clk 1:14:11]} 20. Bh3 {[%clk 0:42:32]}  Re8 {[%clk 1:01:35]} 21. Nxd4 {[%clk 0:29:51]}  Be4 {[%clk 0:58:31]} 22. Nc2 {[%clk 0:29:04]}  Qd3 {[%clk 0:57:34]} 23. Rb2 {[%clk 0:28:37]}  Ne5 {[%clk 0:41:48]} 24. Bg2 {[%clk 0:24:02]}  Bxg2 {[%clk 0:35:58]} 25. Kxg2 {[%clk 0:23:34]}  Nc4 {[%clk 0:32:05]} 26. Bc1 {[%clk 0:19:34]}  Nxb2 {[%clk 0:28:25]} 27. Bxb2 {[%clk 0:19:49]}  Qxb5 {[%clk 0:27:54]} 28. Qa1 {[%clk 0:18:45]}  Qc6+ {[%clk 0:27:59]} 0-1

[Event "Masters Tournament (MTO)"]
[Site "Biel, CH"]
[Date "2025.07.16"]
[Round "3"]
[White "Yu, Tianxiang Carlos"]
[Black "Papaux, Jeremie"]
[Result "0-1"]
[Board "49"]
[WhiteFideId "39922723"]
[BlackFideId "1340867"]
[WhiteElo "1938"]
[BlackElo "2020"]
[WhiteTeam "USA"]
[BlackTeam "SUI"]
[WhiteClock "0:16:59"]
[BlackClock "0:24:09"]
[Variant "Standard"]

1. e4 {[%clk 1:40:56]}  e5 {[%clk 1:40:54]} 2. Nf3 {[%clk 1:40:56]}  Nc6 {[%clk 1:40:54]} 3. Bc4 {[%clk 1:40:56]}  Nf6 {[%clk 1:40:54]} 4. d3 {[%clk 1:40:56]}  h6 {[%clk 1:40:54]} 5. O-O {[%clk 1:40:56]}  d6 {[%clk 1:40:54]} 6. a4 {[%clk 1:40:56]}  Be6 {[%clk 1:40:54]} 7. Bxe6 {[%clk 1:40:56]}  fxe6 {[%clk 1:40:54]} 8. c3 {[%clk 1:40:56]}  Be7 {[%clk 1:40:54]} 9. a5 {[%clk 1:40:56]}  a6 {[%clk 1:40:54]} 10. Qb3 {[%clk 1:40:56]}  Qd7 {[%clk 1:40:54]} 11. Qxb7 {[%clk 1:40:56]}  O-O {[%clk 1:40:54]} 12. Qb3 {[%clk 1:40:56]}  Nh5 {[%clk 1:40:54]} 13. Qd1 {[%clk 1:40:56]}  Qe8 {[%clk 1:40:54]} 14. h3 {[%clk 1:40:56]}  Qg6 {[%clk 1:40:54]} 15. Kh2 {[%clk 1:40:56]}  Rf7 {[%clk 1:40:54]} 16. Be3 {[%clk 1:40:56]}  Raf8 {[%clk 1:40:54]} 17. Nbd2 {[%clk 1:40:56]}  Nf4 {[%clk 1:40:54]} 18. Bxf4 {[%clk 1:40:56]}  Rxf4 {[%clk 0:50:54]} 19. b4 {[%clk 1:02:12]}  Qf7 {[%clk 0:43:54]} 20. Qa4 {[%clk 0:57:41]}  Nb8 {[%clk 0:42:12]} 21. d4 {[%clk 0:47:27]}  g5 {[%clk 0:37:46]} 22. Rh1 {[%clk 0:28:28]}  h5 {[%clk 0:37:46]} 23. Ne1 {[%clk 0:28:28]}  Rxf2 {[%clk 0:24:09]} 24. Ndf3 {[%clk 0:16:59]}  Qf4+ {[%clk 0:24:09]} 25. Kg1 {[%clk 0:16:59]}  Qe3 {[%clk 0:24:09]} 26. Nc2 {[%clk 0:16:59]}  Rxc2+ {[%clk 0:24:09]} 0-1

[Event "Masters Tournament (MTO)"]
[Site "Biel, CH"]
[Date "2025.07.16"]
[Round "3"]
[White "Madsen, Jens Ingemann"]
[Black "Mueller, Konstantin"]
[Result "0-1"]
[Board "50"]
[WhiteFideId "1434993"]
[BlackFideId "34661778"]
[WhiteElo "1935"]
[BlackElo "2017"]
[WhiteTeam "DEN"]
[BlackTeam "GER"]
[WhiteClock "1:20:23"]
[BlackClock "1:20:09"]
[Variant "Standard"]

1. e4 {[%clk 1:40:49]}  c5 {[%clk 1:40:55]} 2. Nf3 {[%clk 1:41:13]}  e6 {[%clk 1:41:11]} 3. c4 {[%clk 1:39:37]}  Nc6 {[%clk 1:41:12]} 4. Nc3 {[%clk 1:39:59]}  Nf6 {[%clk 1:40:08]} 5. b3 {[%clk 1:36:12]}  Be7 {[%clk 1:30:28]} 6. d4 {[%clk 1:34:51]}  cxd4 {[%clk 1:29:51]} 7. Nxd4 {[%clk 1:35:15]}  Bb4 {[%clk 1:22:40]} 8. Nde2 {[%clk 1:22:43]}  Nxe4 {[%clk 1:22:38]} 9. Qd3 {[%clk 1:23:08]}  Qf6 {[%clk 1:22:24]} 10. Bb2 {[%clk 1:21:10]}  Nxf2 {[%clk 1:22:20]} 11. Qe3 {[%clk 1:20:42]}  Nxh1 {[%clk 1:21:28]} 12. O-O-O {[%clk 1:21:05]}  Nf2 {[%clk 1:20:00]} 13. Nd5 {[%clk 1:20:23]}  Qxb2+ {[%clk 1:20:09]} 0-1